000 00511nam a2200157Ia 4500
008 100415s9999 xx 000 0 und d
082 _b22229
_a598.2(542)
100 _aGRIMMETT, RICHARD; INSKIPP,TIM
245 _aUttar Bharat Ke Pakshi BNHS Field Guide. (Hindi).
260 _aMUMBAI
_c2003
_bBOMBAY NATURAL HISTORY SOCIETY
365 _b500
530 _bCEC
630 _aUttar Bharat Ke Pakshi BNHS Field Guide. (Hindi).
730 _aUttar Bharat Ke Pakshi BNHS Field Guide. (Hindi).
942 _cBOOK
999 _c605111
_d605108